Sports Quiz

Random Sports or Baseball Quiz

1974 Topps Baseball New York Mets Quiz Stats

 Plays Quiz not verified by Sporcle

Challenge
Share
Tweet
Embed
Score 0/31 Timer 08:00
0 Plays Today
Pos. Player/Coach % Correct
PJerry Koosman
98%
PTom Seaver
98%
SSBud Harrelson
97.5%
CJerry Grote
97%
MGRYogi Berra
91.9%
PJohn Matlack
91.4%
3BWayne Garrett
89.9%
1BJohn Milner
88.4%
2BFelix Millan
87.9%
1BEd Kranepool
87.9%
OFCleon Jones
87.4%
PTug McGraw
86.9%
OFRusty Staub
86.4%
CRon Hodges
73.2%
CDuffy Dyer
73.2%
OFDon Hahn
64.6%
Pos. Player/Coach % Correct
2B-3BKen Boswell
64.1%
TEAMNew York Mets Team
63.1%
PGeorge Stone
58.6%
OFGeorge Theodore
56.1%
PCraig Swan
52.5%
PBob Apodaca
51.5%
CORube Walker
51%
COJoe Pignatano
49.5%
SS-2BTed Martinez
48%
COEddie Yost
43.9%
PRay Sadecki
42.9%
PHarry Parker
40.9%
PBob Miller
33.3%
CORoy McMillan
32.3%
1B-OFJim Beauchamp
30.8%

You're not logged in!

Compare scores with friends on all Sporcle quizzes.
Join for Free
OR
Log In

You Might Also Like...

Show Comments

Extras

Top Quizzes Today


Score Distribution

Your Account Isn't Verified!

In order to create a playlist on Sporcle, you need to verify the email address you used during registration. Go to your Sporcle Settings to finish the process.

Report this User

Report this user for behavior that violates our Community Guidelines.

Details: